International normalcy : the open door peace with the former central powers, 1921-29 /

Bibliographic Details
Main Author: Buckingham, Peter H., 1948-
Corporate Author: NetLibrary, Inc
Format: eBook
Language:English
Published: Wilmington, Del. : Scholarly Resources Inc., 1983.
Subjects:
Online Access:Connect to the full text of this electronic book

MARC

Tag First Indicator Second Indicator Subfields
LEADER 00000cam a2200000 a 4500
001 in00001626257
005 20220105104921.0
006 m u
007 cr cn|||||||||
008 010124s1983 deu sb 001 0 eng d
010 |z 83018935 
020 |a 0585120048 (electronic bk.) :  |c $45.00 
020 |z 0842022155 
035 |a 16962  |b (N$T) 
035 |a nL16962 
040 |a N$T  |c N$T  |d UtOrBLW 
043 |a e------  |a n-us---  |a a-tu--- 
050 1 4 |a D816  |b .B85 1983eb 
082 0 4 |a 940.53/12  |2 21 
100 1 |a Buckingham, Peter H.,  |d 1948-  |0 http://id.loc.gov/authorities/names/n83171586 
245 1 0 |a International normalcy :  |b the open door peace with the former central powers, 1921-29 /  |c by Peter H. Buckingham. 
264 1 |a Wilmington, Del. :  |b Scholarly Resources Inc.,  |c 1983. 
300 |a viii, 206 pages ;  |c 24 cm. 
336 |a text  |b txt  |2 rdacontent 
337 |a computer  |b c  |2 rdamedia 
338 |a online resource  |b cr  |2 rdacarrier 
504 |a Includes bibliographical references (pages 185-197) and index. 
533 |a Electronic reproduction.  |b Boulder, Colo. :  |c NetLibrary,  |d 2000.  |n Available via World Wide Web.  |n Access may be limited to NetLibrary affiliated libraries. 
500 |a Electronic resource. 
650 0 |a World War, 1914-1918  |x Peace.  |0 http://id.loc.gov/authorities/subjects/sh85148265 
650 0 |a World War, 1914-1918  |x Reparations.  |0 http://id.loc.gov/authorities/subjects/sh2008113802 
651 0 |a Europe  |x Foreign relations  |z United States.  |0 http://id.loc.gov/authorities/subjects/sh2008103355 
651 0 |a United States  |x Foreign relations  |z Europe.  |0 http://id.loc.gov/authorities/subjects/sh2007100023 
651 0 |a United States  |x Foreign relations  |z Turkey.  |0 http://id.loc.gov/authorities/subjects/sh2007100039 
651 0 |a Turkey  |x Foreign relations  |z United States.  |0 http://id.loc.gov/authorities/subjects/sh2008117313 
655 7 |a Electronic books.  |2 local 
710 2 |a NetLibrary, Inc.  |0 http://id.loc.gov/authorities/names/no99080690 
776 0 |c Original  |w (DLC) 83018935 
856 4 1 |u https://proxy.library.tamu.edu/login?url=http://www.netLibrary.com/urlapi.asp?action=summary&v=1&bookid=16962  |z Connect to the full text of this electronic book  |t 0 
999 |a MARS 
999 f f |s ab5296b8-c5b2-3772-a609-64fc51db5d7c  |i 258af669-c066-3e81-b7ce-7d68ec514811  |t 0 
952 f f |a Texas A&M University  |b College Station  |c Electronic Resources  |d Available Online  |t 0  |e D816 .B85 1983eb  |h Library of Congress classification 
998 f f |a D816 .B85 1983eb  |t 0  |l Available Online